Statistics for #1 hits of the 1980s (UK version)

Click here to take the quiz!

General Stats

  • This quiz has been taken 1,574 times
  • The average score is 115 of 190

Answer Stats

YearSongArtist% Correct
1981Under PressureQueen and David Bowie
96%
1980Don't Stand So Close to MeThe Police
95%
1981Every Little Thing She Does Is MagicThe Police
95%
1983Every Breath You TakeThe Police
95%
1987I Knew You Were Waiting (For Me)Aretha Franklin and George Michael
94%
1987Who's That GirlMadonna
94%
1980Ashes to AshesDavid Bowie
94%
1987La Isla BonitaMadonna
94%
1983Let's DanceDavid Bowie
94%
1984Careless WhisperGeorge Michael
94%
1986Papa Don't PreachMadonna
94%
1986A Different CornerGeorge Michael
94%
1985Dancing in the StreetDavid Bowie and Mick Jagger
94%
1989Like a PrayerMadonna
94%
1985Into the GrooveMadonna
94%
1986True BlueMadonna
94%
1980The Tide Is HighBlondie
93%
1981WomanJohn Lennon
93%
1980(Just Like) Starting OverJohn Lennon
93%
1981ImagineJohn Lennon
93%
1980Call MeBlondie
93%
1980AtomicBlondie
93%
1981One Day In Your LifeMichael Jackson
92%
1984FreedomWham!
92%
1987I Just Can't Stop Loving YouMichael Jackson and Siedah Garrett
92%
1985I'm Your ManWham!
92%
1984Wake Me Up Before You Go-GoWham!
92%
1986The Edge of HeavenWham!
92%
1983Billie JeanMichael Jackson
92%
1982Ebony and IvoryPaul McCartney and Stevie Wonder
91%
1982Do You Really Want to Hurt MeCulture Club
89%
1980Super TrouperABBA
89%
1983Karma ChameleonCulture Club
89%
1980The Winner Takes It AllABBA
89%
1985Easy LoverPhilip Bailey (duet with Phil Collins)
87%
1988A Groovy Kind of LovePhil Collins
87%
1983You Can't Hurry LovePhil Collins
87%
1988HeartPet Shop Boys
86%
1987Always on My MindPet Shop Boys
86%
1985I Got You BabeUB40 and Chrissie Hynde
86%
1987It's a SinPet Shop Boys
86%
1986West End GirlsPet Shop Boys
86%
1983Red Red WineUB40
85%
1987I Wanna Dance with Somebody (Who Loves Me)Whitney Houston
83%
1988One Moment in TimeWhitney Houston
83%
1985Saving All My Love for YouWhitney Houston
83%
1980GenoDexy's Midnight Runners
82%
1982Come On EileenDexys Midnight Runners and the Emerald Express
81%
1984RelaxFrankie Goes to Hollywood
81%
1983Total Eclipse of the HeartBonnie Tyler
81%
1984Two TribesFrankie Goes to Hollywood
81%
1984The Power Of LoveFrankie Goes to Hollywood
81%
1986The Final CountdownEurope
81%
1984I Just Called to Say I Love YouStevie Wonder
80%
1983Uptown GirlBilly Joel
80%
1981Tainted LoveSoft Cell
80%
1980XanaduOlivia Newton-John and the Electric Light Orchestra
78%
1987Never Gonna Give You UpRick Astley
77%
1982Eye of the TigerSurvivor
77%
1980Brass in PocketThe Pretenders
77%
1981Don't You Want MeThe Human League
76%
1989Ferry 'Cross the MerseyThe Christians, Holly Johnson, Paul McCartney, Gerry Marsden and Stock Aitken Waterman
76%
1984Pipes of PeacePaul McCartney
75%
1984The ReflexDuran Duran
75%
1983Is There Something I Should Know?Duran Duran
75%
1984Do They Know It's Christmas?Band Aid
72%
198499 Red BalloonsNena
72%
1989Do They Know It's Christmas?Band Aid II
72%
1980Going Underground / Dreams of ChildrenThe Jam
72%
1982Town Called Malice / PreciousThe Jam
72%
1982Beat SurrenderThe Jam
72%
1980Start!The Jam
72%
1982Oh JulieShakin' Stevens
71%
1986Take My Breath Away (Love Theme from Top Gun)Berlin
71%
1981This Ole HouseShakin' Stevens
71%
1985I Want to Know What Love IsForeigner
71%
1985Merry Christmas EveryoneShakin' Stevens
71%
1981Green DoorShakin' Stevens
71%
1988Heaven Is a Place on EarthBelinda Carlisle
70%
1984HelloLionel Richie
70%
1986Living DollCliff Richard and The Young Ones
69%
1983Down UnderMen at Work
69%
1986The Sun Always Shines on T.V.a-ha
68%
1988I Think We're Alone NowTiffany
68%
1981Stand and DeliverAdam and the Ants
67%
1986Rock Me AmadeusFalco
67%
1981Prince CharmingAdam and the Ants
67%
1989Hand on Your HeartKylie Minogue
67%
1988I Should Be So LuckyKylie Minogue
67%
1989Especially for YouKylie Minogue and Jason Donovan
67%
1988Mistletoe and WineCliff Richard
67%
1982House of FunMadness
66%
1982Goody Two ShoesAdam Ant
66%
1985There Must Be an Angel (Playing with My Heart)Eurythmics
66%
1986When the Going Gets Tough, the Tough Get GoingBilly Ocean
66%
1982My Camera Never LiesBucks Fizz
63%
1986Chain ReactionDiana Ross
63%
1981Making Your Mind UpBucks Fizz
63%
1982The Land of Make BelieveBucks Fizz
63%
1980The Special A.K.A. Live!The Special A.K.A. feat. Rico
62%
1989Eternal FlameThe Bangles
62%
1983TrueSpandau Ballet
62%
1986The Lady in RedChris de Burgh
61%
1988DesireU2
59%
1987Nothing's Gonna Stop Us NowStarship
59%
1980Woman in LoveBarbra Streisand
59%
1988Orinoco FlowEnya
58%
1982FameIrene Cara
58%
1983Too ShyKajagoogoo
57%
1985You Spin Me Round (Like a Record)Dead or Alive
57%
1983Wherever I Lay My Hat (That's My Home)Paul Young
57%
1985We Are the WorldUSA for Africa
54%
1985The Power Of LoveJennifer Rush
53%
1980Coward of the CountyKenny Rogers
53%
1981Jealous GuyRoxy Music
52%
1987China in Your HandT'Pau
51%
1982Pass the DutchieMusical Youth
51%
1983Baby JaneRod Stewart
51%
198519Paul Hardcastle
50%
1986Don't Leave Me This WayThe Communards
49%
1985I Know Him So WellElaine Paige and Barbara Dickson
49%
1981Ghost TownThe Specials
49%
1987You Win AgainBee Gees
47%
1985A Good HeartFeargal Sharkey
46%
1981Shaddap You FaceJoe Dolce Music Theatre
46%
1988The Only Way Is UpYazz and the Plastic Population
45%
1987RespectableMel and Kim
45%
1986Caravan of LoveThe Housemartins
45%
1989Sealed with a KissJason Donovan
44%
1985FrankieSister Sledge
44%
1989Too Many Broken HeartsJason Donovan
44%
1982The Lion Sleeps TonightTight Fit
44%
1982Computer Love / The ModelKraftwerk
44%
1987Stand by MeBen E. King
44%
1981It's My PartyDave Stewart and Barbara Gaskin
43%
1986Reet Petite (The Sweetest Girl in Town)Jackie Wilson
43%
1987La BambaLos Lobos
42%
1980There's No One Quite Like Grandma St Winifred's School Choir
42%
1989Belfast ChildSimple Minds
40%
1982Happy TalkCaptain Sensible
40%
1982I Don't Wanna DanceEddy Grant
40%
1986Every Loser WinsNick Berry
40%
1984I Feel for YouChaka Khan
38%
1980What's Another YearJohnny Logan
37%
1988Theme from S-ExpressS-Express
37%
1985If I WasMidge Ure
37%
1988He Ain't Heavy, He's My BrotherThe Hollies
36%
1987Everything I OwnBoy George
36%
1986The Chicken SongSpitting Image
34%
1988PerfectFairground Attraction
34%
1983Only YouThe Flying Pickets
33%
1989Ride On TimeBlack Box
33%
1989Something's Gotten Hold of My HeartMarc Almond feat. Gene Pitney
33%
1985Move CloserPhyllis Nelson
32%
1981Begin The Beguine (Volver A Empezar)Julio Iglesias
32%
1988I Owe You NothingBros
32%
1981Being with YouSmokey Robinson
31%
1986Spirit in the SkyDoctor and the Medics
31%
1989You Got It (The Right Stuff)New Kids on the Block
31%
1989Swing the MoodJive Bunny and the Mastermixers
30%
1989That's What I LikeJive Bunny and the Mastermixers
30%
1983Give It UpKC and the Sunshine Band
30%
1989Let's PartyJive Bunny and the Mastermixers
30%
1982Seven TearsGoombay Dance Band
30%
1986I Want to Wake Up with YouBoris Gardiner
28%
1988Don't Turn AroundAswad
28%
1989All Around the WorldLisa Stansfield
28%
1981Japanese BoyAneka
28%
1980Theme from M*A*S*H (Suicide is Painless)M*A*S*H
28%
1987Pump Up the Volume / Anitina (The First Time I See She Dance)MARRS
28%
1988With a Little Help from My Friends / She's Leaving HomeWet Wet Wet / Billy Bragg and Cara Tivey
28%
1982I've Never Been to MeCharlene
27%
1982A Little PeaceNicole
27%
1980Working My Way Back to You – Forgive Me GirlDetroit Spinners
27%
1980Use It Up and Wear It OutOdyssey
26%
1984I Should Have Known BetterJim Diamond
26%
1980Feels Like I'm in LoveKelly Marie
26%
1982Save Your LoveRenée and Renato
26%
1987Star Trekkin'The Firm
26%
1989Back to Life (However Do You Want Me)Soul II Soul feat. Caron Wheeler
26%
1983Candy GirlNew Edition
25%
1980CryingDon McLean
25%
1980Together We Are BeautifulFern Kinney
24%
1989You'll Never Stop Me Loving YouSonia
22%
1988Nothing's Gonna Change My Love for YouGlenn Medeiros
21%
1987Let It BeFerry Aid
19%
1988Doctorin' the TardisThe Timelords
19%
1988First TimeRobin Beck
17%
1985You'll Never Walk AloneThe Crowd
16%
1987Jack Your BodySteve Silk Hurley
14%

Score Distribution

Percentile by Number Answered

Percent of People with Each Score

Your Score History

You have not taken this quiz